000 00266nam a2200109Ia 4500
008 220216s9999 xx 000 0 und d
100 _aPhilip Shaji
245 0 _aRogaprathirodhathinu giivasankethika vidya
260 _bRubber
_c2009
300 _a20-21
942 _cJS
999 _c67145
_d67145